| 000 | 00485nam a2200181Ia 4500 | ||
|---|---|---|---|
| 001 | 12516 | ||
| 005 | 20260306162947.0 | ||
| 008 | 260306t2025||||xx |||||||||||||| ||spa|| | ||
| 041 | _aESP | ||
| 082 |
_aHR 346 _bMAR 2025 GCP |
||
| 110 | _aGaceta Jurídica | ||
| 245 | 0 |
_aGaceta civil & procesal civil : _binformación especializada para abogados y jueces |
|
| 260 | _c2025 | ||
| 300 |
_a247 páginas : _c25 cm. |
||
| 650 | _aGEN | ||
| 654 | _aCDE | ||
| 942 |
_cREV _dJUS _fJUS _2ddc _n |
||
| 999 |
_c12516 _d12516 |
||